Centroamérica: Notas sobre la evolución económica en 1986

Guardado en:
Bibliografiske detaljer
Institution som forfatter: CEPAL
Format: Texto
Udgivet: México D.F.: CEPAL
Tags: Tilføj Tag
Ingen Tags, Vær først til at tagge denne postø!

MARC

LEADER 00000 a a2200000 04500
001 22890
003
040
090 |a 158100  
110 |a CEPAL  
245 |a Centroamérica: Notas sobre la evolución económica en 1986  
260 |a México D.F.:   |b CEPAL  
300 |a 14 p.  
999 |c 2581  |d 2581